| 000 | 00409nam a22001577a 4500 | ||
|---|---|---|---|
| 005 | 20241219155421.0 | ||
| 008 | 241219b |||||||| |||| 00| 0 eng d | ||
| 020 | _a978-93-48016-98-0 | ||
| 041 | _aeng | ||
| 100 | _aMithare, Y. & Others | ||
| 245 | _aBusiness, Administration : Project Management - III ( M. Com. - II ) | ||
| 250 | _a1st ed. | ||
| 260 |
_aPune _bSuccess |
||
| 300 | _a4.17 | ||
| 942 | _cBK | ||
| 999 |
_c362340 _d362340 |
||